Normal view
MARC view
- Balochistān (Pakistan)
Entry Geographic Name
001 - CONTROL NUMBER
- control field: 3937
003 - CONTROL NUMBER IDENTIFIER
- control field: NUST
005 - DATE AND TIME OF LATEST TRANSACTION
- control field: 20170817104903.0
008 - FIXED-LENGTH DATA ELEMENTS
- fixed length control field: 170817|| aca||aabn | a|a d
040 ## - CATALOGING SOURCE
- Original cataloging agency: NUST
- Transcribing agency: NUST
151 ## - HEADING--GEOGRAPHIC NAME
- Geographic name: Balochistān (Pakistan)
- General subdivision: Politics and government.
670 ## - SOURCE DATA FOUND
- Source citation: Work cat.: (NUST)0: Ahmad Yar Khan, 1904-1979. 3934, Inside Baluchistan :, 2009.
